Stereotactic cerebral irradiation : proceedings of the INSERM Symposium on Stereotactic Irradiations held in Paris (France), 13 July 1979 /

Bibliographic Details
Corporate Authors: Inserm Symposium on Stereotactic Irradiations Paris, Institut national de la santé et de la recherche médicale (France)
Other Authors: Szikla, Gabor
Format: Conference Proceeding Book
Language:English
Published: Amsterdam ; New York : Elsevier/North-Holland Biomedical Press ; 1979.
Series:INSERM symposium ; no. 12.
Subjects:

MARC

Tag First Indicator Second Indicator Subfields
LEADER 00000cam a2200000Ei 4500
001 in00000041621
005 20151007074641.0
008 790927s1979 ne a b 10110 eng
010 |a  79022602  
020 |a 0444801804 
035 |a (OCoLC)05564342 
035 |9 AAF1873AM 
040 |a DLC  |c DLC  |d OCL  |d TXA  |d UtOrBLW 
049 |a TXAM  |c [1191983] 
050 0 0 |a RC280.B7  |b I54 1979 
082 0 |a 616.9/9/92/81 
111 2 |a Inserm Symposium on Stereotactic Irradiations  |d (1979 :  |c Paris) 
245 1 0 |a Stereotactic cerebral irradiation :  |b proceedings of the INSERM Symposium on Stereotactic Irradiations held in Paris (France), 13 July 1979 /  |c sponsored by the Institut national de la sante et de la recherche medicale ; editor, Gabor Szikla. 
264 1 |a Amsterdam ;  |a New York :  |b Elsevier/North-Holland Biomedical Press ;  |c 1979. 
264 2 |a New York :  |b Sole distributors for the USA and Canada, Elsevier North Holland, 
300 |a ix, 340 pages :  |b illustrations ;  |c 25 cm. 
336 |a text  |b txt  |2 rdacontent 
337 |a unmediated  |b n  |2 rdamedia 
338 |a volume  |b nc  |2 rdacarrier 
490 1 |a INSERM symposium ; no. 12 
504 |a Includes bibliographical references and index. 
650 0 |a Brain  |x Tumors  |x Radiotherapy  |x Congresses. 
650 0 |a Brain  |x Tumors  |x Diagnosis  |x Congresses. 
650 0 |a Brain  |x Radiography. 
700 1 |a Szikla, Gabor. 
710 2 |a Institut national de la santé et de la recherche médicale (France) 
830 0 |a INSERM symposium ;  |v no. 12. 
999 |a MARS 
999 f f |s 993a2229-29a6-38ff-a88f-362c1d3dfbb4  |i c5e685aa-4fc6-325a-ae6d-869baca2da8d  |t 0 
952 f f |p ric  |a Texas A&M University  |b Rellis Campus  |c Joint Library Facility  |d Remote Storage  |t 0  |e RC280.B7 I54 1979  |h Library of Congress classification  |i unmediated -- volume  |m A14805095578 
998 f f |a RC280.B7 I54 1979  |t 0  |l Remote Storage